Widok standardowy
Widok MARC
Pozycja Corporate Name
Liczba rekordów, w których użyto hasła: 48
001 - Numer kontrolny
- control field: 12690
003 - Identyfikator numeru kontrolnego
- control field: NUKAT
005 - Data i czas ostatniej modyfikacji
- control field: 20250813220018.0
008 - Dane kontrolne kodowane (40 znaków)
- fixed length control field: 140509n||a|znnaabn |a ana |c
010 ## - Numer kontrolny Biblioteki Kongresu
- numer kontrolny LC: n 2014015626
024 7# - OTHER STANDARD IDENTIFIER
- Standard number or code: 303834724
- Source of number or code: viaf
- : http://viaf.org/viaf/303834724
040 ## - Instytucja sporządzająca rekord
- inst. przygot. dane do rek. khw: OLSZT 003/bak
- język haseł przedmiotowych/tezaurus: kaba
- inst. wprow. rek. khw: OLSZT 003/bak
110 2# - Hasło - nazwa ciała zbiorowego
- nazwa ciała zbior. lub geogr. na pocz.: Retman, Waldemar Mierzwa.
410 2# - Trop zob. - nazwa ciała zbiorowego
- nazwa ciała zbior. lub geogr. na pocz.: Oficyna Retman.
410 0# - Trop zob. - nazwa ciała zbiorowego
- nazwa ciała zbior. lub geogr. na pocz.: Mierzwa Waldemar, Oficyna Retman.
410 2# - Trop zob. - nazwa ciała zbiorowego
- nazwa ciała zbior. lub geogr. na pocz.: Retman.
410 0# - Trop zob. - nazwa ciała zbiorowego
- nazwa ciała zbior. lub geogr. na pocz.: Waldemar Mierzwa, Retman.
410 2# - Trop zob. - nazwa ciała zbiorowego
- nazwa ciała zbior. lub geogr. na pocz.: Oficyna Wydawnicza Retman.
665 ## - Nota historyczna
- nota historyczna: Firma antrykwaryczna i wydawnictwo z siedzibą w Dąbrównie (woj. warmińsko-mazurskie) istnieje od 1991.
670 ## - Źródło informacji
- źródło informacji: Moja Warmia / Edward Cyfus. - Dąbrówno, 2012.
- gdzie znaleziono informację: (Retman)
670 ## - Źródło informacji
- źródło informacji: BNPol online, 09.05.14
- gdzie znaleziono informację: (Retman, Waldemar Mierzwa)
670 ## - Źródło informacji
- źródło informacji: Moja Biblioteka Mazurska, 09.05.14
- adres internetowy: http://www.mojabibliotekamazurska.pl/biblioteka/am/